Smart Thinking: (Record no. 592610)
[ view plain ]
| 000 -LEADER | |
|---|---|
| fixed length control field | 00493nam a22001337a 4500 |
| 040 ## - CATALOGING SOURCE | |
| Transcribing agency | NUST |
| 082 ## - DEWEY DECIMAL CLASSIFICATION NUMBER | |
| Classification number | 153.43,GRE |
| 100 ## - MAIN ENTRY--PERSONAL NAME | |
| Personal name | Greetham, Bryan |
| 9 (RLIN) | 104276 |
| 245 ## - TITLE STATEMENT | |
| Title | Smart Thinking: |
| Remainder of title | How to Think Conceptually, Design Solutions and Make Decisions / |
| Statement of responsibility, etc. | Bryan Greetham |
| 260 ## - PUBLICATION, DISTRIBUTION, ETC. | |
| Place of publication, distribution, etc. | china |
| Name of publisher, distributor, etc. | Springer |
| Date of publication, distribution, etc. | c2016 |
| 300 ## - PHYSICAL DESCRIPTION | |
| Extent | xii,313 .P |
| 505 ## - FORMATTED CONTENTS NOTE | |
| Formatted contents note | Introduction (Page-1), Conceptual Thinking (Page-410, Creative Thinking (Page-121), Making Decisions (Page-219). |
| 942 ## - ADDED ENTRY ELEMENTS (KOHA) | |
| Source of classification or shelving scheme | |
| Koha item type | Book |
| Call number suffix | 153.43,GRE |
| Withdrawn status | Lost status | Source of classification or shelving scheme | Damaged status | Not for loan | Permanent Location | Current Location | Shelving location | Date acquired | Total Checkouts | Full call number | Barcode | Date last seen | Date last checked out | Price effective from | Koha item type | Public note |
|---|---|---|---|---|---|---|---|---|---|---|---|---|---|---|---|---|
| Military College of Signals (MCS) | Military College of Signals (MCS) | General Stacks | 12/06/2022 | 2 | 153.43,GRE | MCS37786 | 01/07/2026 | 04/17/2025 | 12/06/2022 | Book | Almirah No.46, Shelf No.4 |
